000 00430nam a2200169Ia 4500
003 GCL
008 140319s9999 xx 000 0 ara d
040 _aGCL /
_cGCL
082 0 4 _a917
_bه ش
100 1 _aمجدى نصيف
245 1 0 _aشيلى الثورة والثورة المضادة /
_cمجدى نصيف
300 _a327 ص
490 _a
650 0 4 _aشيلى
650 0 4 _aشيلى , تاريخ
942 _2ddc
_cBK
999 _c40941
_d40941